|
|
|
|
| LEADER |
01683nam a2200457 a 4500 |
| 001 |
nkc20081835175 |
| 003 |
CZ PrNK |
| 005 |
20100218114646.0 |
| 007 |
ta |
| 008 |
081210s2008 xr a e f 000 0 cze |
| 015 |
|
|
|a cnb001835175
|
| 020 |
|
|
|a 978-80-86305-08-0
|q (brož.)
|
| 035 |
|
|
|a (OCoLC)551377083
|
| 040 |
|
|
|a BOA001
|b cze
|
| 072 |
|
7 |
|a 641
|x Kuchařství. Potraviny. Vařená jídla
|2 Konspekt
|9 19
|
| 080 |
|
|
|a 641.85
|2 MRF
|
| 080 |
|
|
|a 613.2
|2 MRF
|
| 080 |
|
|
|a (041)
|2 MRF
|
| 080 |
|
|
|a (083.12)
|2 MRF
|
| 100 |
1 |
|
|a Sauer Kolčavová, Gabriela,
|d 1977-
|7 mzk2008486658
|4 aut
|
| 245 |
1 |
0 |
|a Mlsáme zdravěji :
|b tipy pro zdravé pečení : recepty na chutné a zdravější cukroví, moučníky a koláče /
|c [zpracovala Gabriela Kolčavová]
|
| 260 |
|
|
|a Brno :
|b EkoCentrum Brno,
|c 2008
|
| 300 |
|
|
|a [10] s. :
|b barev. il. ;
|c 21 cm
|
| 490 |
1 |
|
|a Dobrá rada - inspirace pro ekologicky šetrný životní styl ;
|v sv. 3
|
| 500 |
|
|
|a Název z obálky
|
| 504 |
|
|
|a Obsahuje bibliografii
|
| 650 |
0 |
7 |
|a moučníky
|7 ph115366
|2 czenas
|
| 650 |
0 |
7 |
|a racionální výživa
|7 ph124968
|2 czenas
|
| 650 |
0 |
9 |
|a cake
|2 eczenas
|
| 650 |
0 |
9 |
|a healthy eating
|2 eczenas
|
| 655 |
|
7 |
|a brožury
|7 fd131925
|2 czenas
|
| 655 |
|
7 |
|a kuchařské recepty
|7 fd132687
|2 czenas
|
| 655 |
|
9 |
|a brochures
|2 eczenas
|
| 655 |
|
9 |
|a cookbooks
|2 eczenas
|
| 830 |
|
0 |
|a Dobrá rada
|0 s
|
| 910 |
2 |
|
|a BOA001
|b 2-1217.749
|
| 990 |
|
|
|a BK
|
| 995 |
|
|
|a 01
|
| 991 |
|
|
|b 200902
|c NOV
|
| 996 |
6 |
|
|b 2610364969
|c 2-1217.749
|l MZK
|r Sklad / do 1 hodiny
|n 1
|p p.v.
|w 000924176
|u 000010
|a 1
|e BOA001
|j MZK50
|s P
|
| 996 |
7 |
|
|b 2610364970
|c 2-1217.749
|l MZK
|r Sklad / do 1 hodiny
|n 7
|p p.v.
|w 000924176
|u 000020
|a 1
|e BOA001
|j MZK50
|s A
|